Francisco Largo Caballero en el exilio : (Record n. 9078)
[ formato base ]
| 000 -LEADER | |
|---|---|
| fixed length control field | 01224nam a2200313 i 4500 |
| 003 - CONTROL NUMBER IDENTIFIER | |
| control field | IT-RoINE |
| 005 - DATE AND TIME OF LATEST TRANSACTION | |
| control field | 20201028043123.0 |
| 008 - FIXED-LENGTH DATA ELEMENTS--GENERAL INFORMATION | |
| fixed length control field | 970521s1990 sp ao r 00010 spa d |
| 020 ## - INTERNATIONAL STANDARD BOOK NUMBER | |
| International Standard Book Number | 8486716055 |
| 040 ## - CATALOGING SOURCE | |
| Original cataloging agency | UPNA |
| Transcribing agency | IT-RoINE |
| Modifying agency | IT-RoINE |
| 100 1# - MAIN ENTRY--PERSONAL NAME | |
| 9 (RLIN) | 15918 |
| Personal name | Aróstegui, Julio, |
| Dates associated with a name | 1939-2013 |
| 245 10 - TITLE STATEMENT | |
| Title | Francisco Largo Caballero en el exilio : |
| Remainder of title | la última etapa de un lider obrero / |
| Statement of responsibility, etc | Julio Arostegui. |
| 260 ## - PUBLICATION, DISTRIBUTION, ETC. (IMPRINT) | |
| Place of publication, distribution, etc | Madrid : |
| Name of publisher, distributor, etc | Fundación Largo Caballero, |
| Date of publication, distribution, etc | 1990. |
| 300 ## - PHYSICAL DESCRIPTION | |
| Extent | 221 p : |
| Other physical details | il., fot. ; |
| Dimensions | 22 cm. |
| 336 ## - CONTENT TYPE | |
| Source | rdacontent |
| Content type term | text |
| 337 ## - MEDIA TYPE | |
| Source | rdamedia |
| Media type term | unmediated |
| 338 ## - CARRIER TYPE | |
| Source | rdacarrier |
| Carrier type term | volume |
| 490 1# - SERIES STATEMENT | |
| Series statement | Historia social y del movimiento obrero |
| 500 ## - GENERAL NOTE | |
| General note | Incluye apéndice documental. |
| 600 14 - SUBJECT ADDED ENTRY--PERSONAL NAME | |
| Personal name | Largo Caballero, Francisco, |
| Dates associated with a name | 1869-1946 |
| 9 (RLIN) | 17061 |
| Chronological subdivision | 1869-1946 |
| 650 #4 - SUBJECT ADDED ENTRY--TOPICAL TERM | |
| Topical term or geographic name as entry element | Sindicalismo |
| Geographic subdivision | España |
| General subdivision | Historia |
| Chronological subdivision | Siglo 20o. |
| 9 (RLIN) | 18785 |
| 650 #4 - SUBJECT ADDED ENTRY--TOPICAL TERM | |
| Topical term or geographic name as entry element | Refugiados políticos |
| Geographic subdivision | Francia |
| 9 (RLIN) | 18786 |
| 650 #4 - SUBJECT ADDED ENTRY--TOPICAL TERM | |
| Topical term or geographic name as entry element | Exiliados |
| Geographic subdivision | España |
| General subdivision | Historia |
| 9 (RLIN) | 18145 |
| Chronological subdivision | Siglo 20o. |
| 650 #4 - SUBJECT ADDED ENTRY--TOPICAL TERM | |
| 9 (RLIN) | 17121 |
| Topical term or geographic name as entry element | Socialismo |
| Geographic subdivision | España |
| General subdivision | Historia |
| 651 #4 - SUBJECT ADDED ENTRY--GEOGRAPHIC NAME | |
| 9 (RLIN) | 8092 |
| Geographic name | España |
| General subdivision | Historia |
| Chronological subdivision | 1939-1975 |
| 710 2# - ADDED ENTRY--CORPORATE NAME | |
| 9 (RLIN) | 18787 |
| Corporate name or jurisdiction name as entry element | Fundación Largo Caballero (Madrid, España) |
| 830 #0 - SERIES ADDED ENTRY--UNIFORM TITLE | |
| Uniform title | Historia social y del movimiento obrero |
| 9 (RLIN) | 18788 |
| 942 ## - ADDED ENTRY ELEMENTS (KOHA) | |
| Item type | Monografías |
| Withdrawn status | Lost status | Damaged status | Not for loan | Home library | Current library | Date acquired | Total Checkouts | Full call number | Barcode | Date last seen | Price effective from | Koha item type |
|---|---|---|---|---|---|---|---|---|---|---|---|---|
| Iglesia Nacional Española en Roma | Iglesia Nacional Española en Roma | 29/04/2015 | HIS.ESP.4. 922 | 12786 | 29/04/2015 | 29/04/2015 | Monografías |